Countries With Highest GDP By Continent Quiz Stats

 Plays Quiz not verified by Sporcle

Challenge
Share
Tweet
Embed
Score 0/30 Timer 05:00
0 Plays Today
Country % Correct
United States
99.7%
Canada
98.6%
United Kingdom
98.4%
Mexico
98.1%
Germany
97.8%
Japan
97.8%
China
97.6%
Brazil
97.3%
France
97.3%
Chile
95.7%
South Africa
95.7%
Argentina
95.4%
Spain
94.8%
Australia
93.8%
New Zealand
92.9%
Country % Correct
Italy
91.8%
India
91.6%
Egypt
91.6%
Colombia
91.3%
South Korea
87%
Venezuela
85.1%
Cuba
83.4%
Indonesia
80.7%
Fiji
77.7%
Nigeria
77.7%
Morocco
76.9%
Algeria
75.8%
Papua New Guinea
70.7%
Dominican Republic
67.4%
Samoa
60.1%

You're not logged in!

Compare scores with friends on all Sporcle quizzes.
Join for Free
OR
Log In

You Might Also Like...

Show Comments

Extras

Top Quizzes Today


Score Distribution

Your Account Isn't Verified!

In order to create a playlist on Sporcle, you need to verify the email address you used during registration. Go to your Sporcle Settings to finish the process.

Report this User

Report this user for behavior that violates our Community Guidelines.

Details: